000 00626nam a2200241 a 4500
001 nice12345678
003 IN_TiNIC
005 20260116013127.0
008 050524s1988 graa grp 000 0 eng
020 _a0801057
_c245
082 0 0 _a226.06
_bMCK
100 _aMcknight, Scot
245 _aInterpreting the Synoptic Gospels.
260 _aGrand Rapids
_bBaker Book House
_c1988
300 _a141p
500 _aincludes index and biblioraphy
505 2 _aguides to new testament exegesis
650 _aBible N.T. Gospel
700 1 _aMcknight, Scot
902 _bSRS
942 _cBK
999 _c9766
_d9766